[Event "North Region-ch U12"]
[Site "Cartagena"]
[Date "2014.05.08"]
[Round "1.3"]
[White "Mendoza Caparroso, Daniel"]
[Black "Rojas Caicedo, Juan Esteban"]
[Result "1-0"]
[WhiteElo "1497"]
[BlackElo "1209"]
[PlyCount "57"]
[EventDate "2014.05.08"]
[EventType "swiss"]
[EventRounds "6"]
[EventCountry "COL"]
[SourceTitle "EXT 2024"]
[Source "ChessBase"]
[SourceDate "2023.10.10"]
[SourceVersion "1"]
[SourceVersionDate "2023.10.10"]
[SourceQuality "1"]

1. e4 e5 2. Nf3 Nc6 3. Bb5 d6 4. 0-0 Nf6 5. Nc3 g6 6. d4 exd4 7. Nxd4 a6 8. Nxc6 bxc6 9. Bxc6+ Bd7 10. Bxa8 Qxa8 11. Re1 Bc6 12. Qf3 Bg7 13. Bg5 Qd8 14. Nd5 0-0 15. Nxf6+ Bxf6 16. Bxf6 Qd7 17. Qf4 Qe6 18. e5 dxe5 19. Rxe5 Qd6 20. Rf5 Qxf4 21. Rxf4 h5 22. Rc4 Bd5 23. Rxc7 Re8 24. h3 Be4 25. Re1 Kf8 26. Rd1 Re6 27. Rc8+ Re8 28. Rdd8 Rxd8 29. Rxd8# 1-0

[Event "North Region-ch U10"]
[Site "Maicao"]
[Date "2014.05.03"]
[Round "4.2"]
[White "Rojas Caicedo, Juan Esteban"]
[Black "Vanegas Toscano, Jose David"]
[Result "0-1"]
[WhiteElo "1209"]
[BlackElo "1320"]
[PlyCount "69"]
[EventDate "2014.05.01"]
[EventType "swiss"]
[EventRounds "6"]
[EventCountry "COL"]
[SourceTitle "EXT 2024"]
[Source "ChessBase"]
[SourceDate "2023.10.10"]
[SourceVersion "1"]
[SourceVersionDate "2023.10.10"]
[SourceQuality "1"]

1. e4 c6 2. Nc3 d5 3. exd5 cxd5 4. d4 Nf6 5. Bb5+ Nc6 6. Nf3 Bg4 7. 0-0 Bxf3 8. Qxf3 a6 9. Bxc6+ bxc6 10. Bg5 h6 11. Bxf6 exf6 12. Qe3+ Be7 13. Rfe1 0-0 14. Qxe7 Qxe7 15. Rxe7 Rab8 16. b3 f5 17. g3 f4 18. gxf4 Rbd8 19. Rae1 a5 20. a4 Rc8 21. R1e2 Rcd8 22. Rc7 Rde8 23. Rd2 Re1+ 24. Kg2 g5 25. fxg5 hxg5 26. Rxc6 g4 27. Rc7 f5 28. Nxd5 f4 29. Ne7+ Kh7 30. Nc6+ Kh6 31. d5 f3+ 32. Kg3 Rg1+ 33. Kh4 Kg6 34. d6 Rh8+ 35. Rh7 0-1